000
00345nam a2200157Ia 4500
100
_a
Roy/Lilley
650
_a
Psychology
942
_c
BK
366
_f
20
245
_a
Dealing with difficult people:Creating Success
260
_b
Kogan Page
_c
2013
082
_a
808.83
_b
ROY
300
_a
146
546
_a
ENGLISH
_c
Computers
999
_c
22479
_d
22479